[Event "EICC 2017"]
[Site "Minsk"]
[Date "2017.06.08"]
[Round "9"]
[White "Alekseev, Evgeny"]
[Black "Martirosyan, Haik M"]
[Result "1/2-1/2"]
[WhiteElo "2610"]
[BlackElo "2516"]
[Annotator "TA"]
[PlyCount "192"]
[EventDate "2017.??.??"]
[EventCountry "BLR"]
[SourceTitle "playchess.com"]
[Source "ChessBase"]
[SourceQuality "1"]

{[%evp 24,192,35,31,45,38,37,37,38,41,27,-3,0,0,-12,-22,32,33,23,25,61,53,62,58,62,66,113,111,114,94,90,80,94,84,92,93,85,79,117,117,117,124,118,129,122,119,125,107,95,24,99,44,53,0,0,0,43,43,154,148,147,129,252,258,254,252,241,238,632,580,5283,5097,6313,6313,6313,5728,6313,6251,4614,129,129,129,129,129,129,129,129,129,129,129,129,129,129,129,129,129,129,129,129,129,129,129,129,0,129,129,129,129,129,129,129,129,129,129,129,129,129,129,129,0,129,0,129,129,129,129,129,129,129,129,129,129,129,40,40,30,131,131,145,30,40,40,40,36,36,36,40,40,40,40,40,40,40,40,40,40,40,40,40,40,40,40,40,40,46,46,149,22,22,0,0]} 1. e4 e6 2. d4 d5 3. Nc3 Bb4 4. a3 Bxc3+ 5. bxc3 dxe4 6. Qg4 Nf6 7. Qxg7 Rg8 8. Qh6 c5 9. Ne2 Nc6 {C15: French: 3 Nc3 Bb4: Unusual White 4th moves} (9... Nbd7 10. Ng3 Qa5 11. Qd2 Nb6 12. dxc5 Qxc5 13. Qd4 Qxd4 14. cxd4 Bd7 15. c4 Rc8 16. c5 Nbd5 17. Bd2 h5 {1-0 (48) Nepomniachtchi,I (2728)-Sjugirov,S (2670) Sochi 2015}) 10. dxc5 Rg6 11. Qh4 Rg4 12. Qh6 Rg6 13. Qe3 {LiveBook: 10 Games} Ng4 14. Qxe4 Qd1+ $1 15. Kxd1 Nxf2+ 16. Ke1 Nxe4 17. Ng3 $146 ({Predecessor:} 17. Nf4 Rg8 18. Bd3 Nxc5 19. Bxh7 Rh8 {1-0 (50) Smyslov,V-Botvinnik,M Moscow 1954}) 17... Nxc5 18. Be2 b6 19. Bh5 Bb7 (19... Rg8 $11) 20. Bxg6 $14 hxg6 21. Kf2 O-O-O 22. Re1 e5 23. Be3 Na4 24. Rad1 Rh8 25. Ne4 Kc7 26. Nf6 {And now Rd7+ would win.} Bc8 27. Kg1 Nxc3 28. Rd3 Na4 29. Bf2 Bf5 30. Rf3 Kd6 31. g4 Be6 32. Bg3 Nb2 33. Ne4+ Ke7 34. Ng5 $1 f6 35. Nxe6 Kxe6 36. g5 ({Better is} 36. Rc3 $1 $16 {[%cal Rc3c6]} Kd5 37. Bf2) 36... fxg5 (36... f5 $11) 37. Re4 (37. Rc3 $16 Kd5 38. Bf2) 37... b5 38. Rg4 (38. Rb3 $14 Nc4 39. Rxb5) 38... Nd4 $11 39. Rf1 Ne2+ 40. Kh1 $1 Rh5 {[#]} ({Black should play} 40... Nc4 $14) 41. Bxe5 $1 $16 {[%mdl 512]} Kxe5 42. Re1 Kd5 (42... Nc4 $16 {keeps fighting.}) 43. Rxe2 $18 {[%mdl 4096] Endgame KRR-KRN} Nc4 44. Reg2 Nxa3 45. Rxg5+ Rxg5 $2 (45... Kc4 46. Rxg6 a5) 46. Rxg5+ {KR-KN} Kd4 {intending ...b4.} 47. h4 Nxc2 48. Rxb5 Ne1 49. Kh2 $1 Ke4 50. Kg3 Nd3 51. Ra5 $2 (51. Kg4 $1 $18 {[%cal Rg4g5] and the rest is easy.} Ne5+ 52. Kg5 Nf3+ 53. Kf6 (53. Kxg6 Nxh4+ 54. Kh7 Ng2 $14)) 51... Ne5 $16 52. Rxa7 Kf5 53. Ra6 Nf7 54. Ra5+ Ne5 55. Rb5 Kf6 56. Kf4 Nf7 57. Rb6+ Kg7 58. Ra6 Kh6 59. Rc6 {Threatens to win with Rc8.} Kg7 60. Rb6 Kh6 61. Ra6 Kg7 62. Kg4 {Strongly threatening Rb6.} Ne5+ 63. Kf4 Nf7 64. Rc6 Kh6 65. Rc7 Kg7 66. Ke4 Kf6 67. Rc6+ Kg7 68. Kd5 {aiming for Ke4.} Nh6 69. Ke5 $1 Nf7+ 70. Ke4 $1 {[%cal Re4f4]} Nh6 71. Kf4 Nf7 $1 72. Ra6 Kh6 73. Ra7 Kg7 74. Ke4 Kf6 75. Ra6+ Kg7 76. Kd5 Nh6 77. Ke5 $1 Ng4+ 78. Ke6 (78. Kf4 $16 Nh6 79. Rc6) 78... Kh6 $14 79. Ra8 Kg7 (79... Ne3 $1 $11 {keeps the balance.}) 80. Ra4 $1 $16 {[%cal Ra4g4]} Ne3 {[#]} 81. Rf4 (81. Ke5 $1 $16 {[%cal Re5f4] Hoping for Kf4.} Ng2 82. Rg4 (82. Ra7+ Kh6 $14)) 81... Nf5 82. Rg4 {Black must now prevent h5.} Kh6 $1 83. Kf6 Kh5 84. Rxg6 Nxh4 85. Rg5+ Kh6 86. Rg1 Kh5 $1 87. Rg3 Kh6 88. Rg5 Nf3 89. Rd5 Nh4 $1 90. Rb5 Nf3 91. Rb3 Nh4 92. Rg3 Kh5 $1 93. Rg8 Nf3 94. Kf5 {[%cal Rg8h8]} Nh4+ {[#]} 95. Kf4 (95. Ke6 $1 $16) 95... Ng6+ $11 96. Rxg6 Kxg6 {Precision: White = 69%, Black = 62%.} 1/2-1/2

[Event "EICC 2017"]
[Site "Minsk"]
[Date "2017.06.08"]
[Round "9"]
[White "Parligras, Mircea-Emilian"]
[Black "Esipenko, Andrey"]
[Result "1-0"]
[WhiteElo "2607"]
[BlackElo "2509"]
[Annotator "TA"]
[PlyCount "179"]
[EventDate "2017.??.??"]
[EventCountry "BLR"]
[SourceTitle "playchess.com"]
[Source "ChessBase"]
[SourceQuality "1"]

{[%evp 15,179,4,1,0,0,-16,36,39,38,41,42,37,37,37,40,40,40,39,31,35,68,69,63,68,105,91,75,90,64,39,147,167,152,164,154,157,153,154,150,150,172,164,166,169,205,146,152,109,129,130,150,126,190,149,142,152,148,93,203,203,223,227,245,235,300,251,247,195,195,191,191,189,229,224,222,220,245,221,218,211,212,212,365,339,368,313,313,313,368,364,361,368,361,355,347,346,383,306,853,838,4133,4140,4133,4133,4133,4133,4133,4133,4133,3997,3544,2785,2602,2602,2576,0,2569,2028,2020,2020,2020,2020,1980,1939,1921,1893,1878,1825,1547,1446,2593,2339,4614,1906,1814,1752,1593,1588,1862,1675,29969,29973,29975,29975,29974,29971,29964,1448,4698,1926,29974,29976,29977,29978,29978,29979,29987,29985,29985,29986,29986,29986,29990,29988,29988,29989]} 1. d4 Nf6 2. c4 e6 3. Nf3 b6 4. Bf4 Bb7 5. e3 Be7 6. Nc3 Nh5 {E12: Queen's Indian: Unusual White 4th moves, 4 a3, 4 Nc3 Bb7 5 a3 and 4 Nc3 Bb7} 7. Bd3 Nxf4 (7... d6 8. O-O Nd7 9. Qc2 h6 10. Be4 Bxe4 11. Qxe4 O-O 12. Rfe1 Ndf6 13. Qd3 Qd7 14. h3 Nxf4 15. exf4 {1-0 (51) Navara,D (2734)-Karjakin,S (2762) Berlin 2015}) 8. exf4 O-O {LiveBook: 4 Games. The position is equal.} 9. Qe2 Bf6 $146 ({Predecessor:} 9... Bb4 10. O-O Bxc3 11. bxc3 Qf6 12. Ng5 g6 13. g3 Nc6 14. h4 {1-0 (50) Epishin,V (2557)-Luminet,D (2195) Bruges 2016}) 10. O-O-O c5 (10... Na6 $11) 11. d5 $1 $14 Bxc3 12. bxc3 {Bxh7+ is the strong threat.} Qf6 13. Qe5 Qxe5 14. fxe5 Na6 15. Rhe1 Nc7 16. Be4 exd5 17. cxd5 d6 18. c4 $36 {[%mdl 2048] White has the initiative.} Ne8 19. Ng5 f5 20. exf6 Nxf6 21. Bf5 Ba6 22. Re7 Bxc4 (22... Bc8 $1 $14 23. Ne6 Rf7 24. Rxf7 Kxf7) 23. Be6+ $16 Kh8 24. Nf7+ Rxf7 25. Rxf7 b5 26. Kb2 a5 27. f3 a4 {[#]} 28. a3 $1 h6 29. Rb7 Rd8 30. h4 Nh5 31. Rf7 Ng3 32. Re1 Ne2 {[#]} 33. Bf5 $1 Nf4 (33... Rg8 $16 {might work better.}) 34. g3 Nxd5 35. Rd7 {[%cal Rd7d8]} Rf8 36. g4 (36. Be6 $142) 36... Bb3 (36... b4 $16 {was worth a try.}) 37. Rxd6 $18 c4 38. Re5 ({Don't take} 38. Rxd5 $6 c3+ 39. Kxc3 Bxd5 $16) 38... c3+ 39. Kb1 Nf4 40. Rxb5 Ng2 41. Rc6 Nxh4 42. Rxc3 Nxf5 43. Rxf5 {[%mdl 4096] Endgame KRR-KRB} Rb8 {...Be6+ would now be nice for Black.} 44. Rfc5 Kh7 45. Re3 Rb7 46. Kc1 Rd7 47. Kb2 Kg6 48. Kc3 Rf7 $2 (48... Bd1 49. Rf5 Rd6) 49. Rd3 Kh7 50. Kd4 Re7 51. Re5 Rc7 52. Rc3 Rd7+ 53. Ke3 Rf7 54. Kf2 Rd7 55. Kg3 Rf7 56. Rec5 g5 $2 (56... Be6 57. f4 Rd7) 57. Rc7 Rxc7 58. Rxc7+ {KR-KB} Kg6 59. Rc6+ Kg7 60. Kf2 Kh7 61. Ke3 Kg7 62. Ke4 Ba2 63. Ke5 Bg8 64. Kd6 Bb3 65. Ke5 Bg8 $1 66. Kd4 Bb3 67. Rb6 Bd1 68. Ke3 Kh7 69. Rd6 Bb3 70. Rd4 Kg6 71. Ke2 Kf6 72. Rb4 Ke5 73. Rb6 Kd4 74. Kd2 (74. Rxh6 $142 Kc3 75. Rb6) 74... Bd5 75. Rb4+ Kc5 76. Ke3 Bb3 77. Rb8 Bd5 78. Rh8 Kc4 79. Rxh6 Kb3 80. Rd6 Bf7 81. Rd7 (81. Rd3+ $142 Kc2 82. Rd7 Bc4 83. Rb7 Bd5 84. Rb5 Be6 85. Rxg5 Kb3 86. Rb5+ Kc4 87. Rb4+ Kd5 88. Rxa4) 81... Be6 82. Re7 Bg8 83. Rg7 {White mates.} Be6 84. Rxg5 Kxa3 85. Rb5 Ka2 86. g5 {[%cal Bg4g5,Bg5g6][%mdl 32]} a3 87. f4 {[%cal Bf3f4,Bf4f5][%mdl 32]} Ka1 88. f5 a2 89. Ra5 Bb3 90. g6 {Precision: White = 83%, Black = 44%.} 1-0

[Event "EICC 2017"]
[Site "Minsk"]
[Date "2017.06.08"]
[Round "9"]
[White "Rozum, Ivan"]
[Black "Minasian, Artashes"]
[Result "1-0"]
[WhiteElo "2606"]
[BlackElo "2480"]
[Annotator "TA"]
[PlyCount "55"]
[EventDate "2017.??.??"]
[EventCountry "BLR"]
[SourceTitle "playchess.com"]
[Source "ChessBase"]
[SourceQuality "1"]

{[%evp 14,55,31,23,34,19,23,24,33,14,17,17,15,20,20,44,28,14,12,0,41,36,52,2,10,18,131,87,71,31,47,66,100,106,107,110,176,179,170,177,626,624,614,612]} 1. d4 d5 2. c4 e6 3. Nf3 c6 4. Nbd2 {[%cal Bb1d2,Bd2f3,Bf3e5][%mdl 32]} f5 5. g3 Nf6 6. Bg2 Bd6 7. O-O O-O 8. Ne5 c5 {A90: Dutch Defence: Miscellaneous and Modern Stonewall (with ...Bd6)} 9. Ndf3 Nc6 10. cxd5 exd5 {White has an edge.} 11. Bf4 cxd4 12. Rc1 Nxe5 13. Bxe5 Bxe5 14. Nxe5 Qb6 {[#]} 15. Rc2 $146 ({Predecessor:} 15. Qb3 Re8 16. f4 {½-½ (27) Sasikiran,K (2658)-Krasenkow,M (2609) Esbjerg 2003}) 15... f4 16. gxf4 Bf5 17. Rd2 $1 Be4 18. Qb3 Bxg2 19. Kxg2 Qa6 (19... Qxb3 $1 $11 {keeps the balance.} 20. axb3 Nh5) 20. Rc1 Rad8 21. Qd3 Qe6 22. Qf3 g5 23. Rxd4 gxf4 24. Qxf4 {[#] Black must now prevent Rc7.} Rde8 (24... Ne4 $16 25. Qg4+ Qxg4+ 26. Nxg4 h5) 25. Qg3+ $18 Kh8 {...Rg8 is the strong threat.} 26. Rc7 {[%csl Gc7][%cal Rg3g7]} Re7 $2 (26... Nh5 27. Qd3 Re7 28. Rxe7 Qxe7) 27. Rxe7 Qxe7 28. Rh4 {Precision: White = 45%, Black = 52%.} 1-0

[Event "EICC 2017"]
[Site "Minsk"]
[Date "2017.06.08"]
[Round "9"]
[White "Mchedlishvili, Mikheil"]
[Black "Grachev, Boris"]
[Result "1/2-1/2"]
[WhiteElo "2605"]
[BlackElo "2658"]
[Annotator "TA"]
[PlyCount "31"]
[EventDate "2017.??.??"]
[EventCountry "BLR"]
[SourceTitle "playchess.com"]
[Source "ChessBase"]
[SourceQuality "1"]

{[%evp 13,31,0,0,19,31,16,38,37,33,29,68,68,72,35,65,64,53,45,64,59]} 1. e4 c5 2. Nf3 e6 3. d4 cxd4 4. Nxd4 Nc6 5. Nc3 a6 6. Nxc6 bxc6 7. e5 Qc7 8. Bf4 {B46: Sicilian: Taimanov: 5 Nc3 a6} (8. Qe2 Rb8 9. f4 d5 10. exd6 Bxd6 11. Qg4 f5 12. Qh5+ g6 13. Qh4 e5 14. Bc4 e4 15. Be3 Qe7 {½-½ (57) Kobalia,M (2651)-Rublevsky,S (2695) Khanty-Mansiysk 2013}) 8... c5 9. Ne4 $146 ({Predecessor:} 9. Bd3 Bb7 10. Be4 Ne7 11. Qf3 Rb8 12. Bxb7 Rxb7 13. Rb1 Ng6 14. Bg3 Be7 15. O-O O-O 16. Rfe1 Rfb8 {½-½ (16) Gizynski,T (2370)-Petkovski,V (2330) Lodz 1989}) 9... Bb7 10. Nd6+ Bxd6 $1 11. Qxd6 Rc8 12. O-O-O Ne7 13. f3 Nd5 {[#] Strongly threatening ...Qxd6.White is slightly better.} 14. Qxc7 Rxc7 15. Bg3 O-O 16. c4 1/2-1/2

[Event "EICC 2017"]
[Site "Minsk"]
[Date "2017.06.08"]
[Round "9"]
[White "Vocaturo, Daniele"]
[Black "Teterev, Vitaly"]
[Result "1/2-1/2"]
[WhiteElo "2604"]
[BlackElo "2487"]
[Annotator "TA"]
[PlyCount "127"]
[EventDate "2017.??.??"]
[EventCountry "BLR"]
[SourceTitle "playchess.com"]
[Source "ChessBase"]
[SourceQuality "1"]

{[%evp 18,127,18,18,31,32,55,55,67,55,56,45,65,49,55,30,34,28,34,0,0,0,0,0,0,0,0,-8,0,0,0,0,0,0,0,0,0,0,0,0,14,0,0,0,0,0,0,0,11,15,24,17,23,11,19,32,20,12,27,-7,-4,-37,0,0,0,0,0,0,109,28,66,66,82,89,102,0,0,-25,0,0,0,-126,0,0,44,36,36,37,52,0,0,0,0,0,45,0,0,0,0,0,0,0,0,0,0,0,0,0,0,0,0,0]} 1. d4 Nf6 2. c4 g6 3. Nc3 Bg7 4. e4 d6 5. f3 O-O 6. Be3 c6 7. Bd3 a6 8. Qd2 b5 9. Rc1 {E81: King's Indian: Sämisch: 6th move deviations (including 6 Be3 c6)} (9. Nge2 Nbd7 10. Rd1 Bb7 11. O-O bxc4 12. Bxc4 a5 13. Na4 Ba6 14. Bxa6 Rxa6 15. Rc1 Qa8 16. b3 Nb6 17. Nec3 Ne8 {0-1 (66) Gagunashvili,M (2588)-Jojua,D (2575) Tbilisi 2017}) 9... Nbd7 10. Nge2 {LiveBook: 5 Games} e5 11. d5 {White is slightly better.} bxc4 12. Bxc4 c5 $1 13. b3 $146 ({Predecessor:} 13. O-O Kh8 14. g4 Ng8 15. Ng3 Qh4 16. Kg2 f6 17. Bd3 Bh6 18. Nd1 Bg5 {½-½ (18) Van Rensburg,R (2178)-Phillips,R (2223) Port Louis 2016}) 13... Ne8 14. O-O Nc7 15. g4 Rb8 16. Bd3 Nb5 17. Nxb5 axb5 18. b4 {[%cal Rb4c5]} c4 19. Bc2 Nb6 20. Nc3 Bd7 21. Kh1 Qc7 22. Qf2 Rb7 23. h4 Ra8 24. h5 Ra3 25. Bd1 Be8 26. Kg2 Qd8 27. Rh1 Bf6 28. Qd2 Nd7 29. Rh2 Nb6 30. Kh1 Ra8 31. Bc2 Ra3 32. Rf1 Nd7 33. Bd1 Nf8 34. Qc1 Ra8 35. Rff2 Bh4 36. Rfg2 Bf6 37. Rb2 Qb8 38. Rb1 Bd8 39. Bf2 Bf6 40. Bg1 Qd8 41. Be3 Qb8 42. a3 Nd7 (42... Bd8 $11) 43. Ra2 ({White should try} 43. a4 $16) 43... Bd8 44. a4 bxa4 45. Bxa4 Bb6 46. Bxd7 (46. hxg6 $16 fxg6 47. Bxd7 Bxd7 48. Rxa8 Qxa8 49. Bxb6 Rxb6 50. Kg2) 46... Rxa2 $11 47. Bxb6 Bxd7 (47... Rxd7 {seems wilder.} 48. Nxa2 Qxb6 49. Rb2 Qd8 50. Qe3 Rb7) 48. Nxa2 {[#] Hoping for Bf2.} Rxb6 49. Qb2 (49. Kg2 $11 {keeps the balance.}) 49... Ba4 (49... gxh5 $17 50. gxh5 Qd8) 50. Nc3 Bb3 51. b5 Qd8 52. Qf2 Rb8 53. Ra1 (53. Kg2 $14) 53... Qg5 $1 54. hxg6 hxg6 {[#] ...Kg7 is the strong threat.} 55. Kg2 Kg7 {Threatens to win with ...Rh8.} (55... f5 $5 {[%cal Rf5g4]}) 56. b6 Rh8 {White must now prevent ...Qh6.The position is equal.} (56... Qh6 $5 {[%cal Rb8h8]} 57. Rh1 Qf4 $14) 57. Rh1 Rxh1 58. Kxh1 Qc1+ 59. Kg2 Qxc3 60. b7 Qb4 61. Qa7 Qd2+ 62. Qf2 Qb4 63. Qa7 Qd2+ 64. Qf2 {Precision: White = 56%, Black = 58%.} 1/2-1/2

[Event "EICC 2017"]
[Site "Minsk"]
[Date "2017.06.08"]
[Round "9"]
[White "Bosiocic, Marin"]
[Black "Godena, Michele"]
[Result "1-0"]
[WhiteElo "2603"]
[BlackElo "2506"]
[Annotator "TA"]
[PlyCount "75"]
[EventDate "2017.??.??"]
[EventCountry "BLR"]
[SourceTitle "playchess.com"]
[Source "ChessBase"]
[SourceQuality "1"]

{[%evp 11,75,29,44,42,41,24,39,26,52,27,45,33,41,14,20,32,41,32,37,29,32,36,61,61,60,68,61,57,218,218,218,147,155,150,149,147,150,142,200,191,194,187,222,223,234,212,233,233,278,229,233,200,199,185,383,370,338,368,460,451,574,565,1437,1414,1325,1361]} 1. e4 e5 2. Nf3 Nc6 3. Bb5 Bc5 4. c3 Nf6 5. d4 exd4 6. e5 Ne4 7. cxd4 {C64: Ruy Lopez: Classical Defence (3...Bc5) except 4 0-0 Nf6} Bb4+ 8. Nbd2 O-O 9. O-O {White is slightly better.} Nxd2 10. Bxd2 Bxd2 11. Qxd2 Ne7 12. Qf4 (12. Ng5 d6 13. f4 Bf5 14. Rae1 dxe5 15. fxe5 {1-0 (50) Anand,V (2779)-Vallejo Pons,F (2711) Doha 2016}) 12... d6 13. Rfe1 Ng6 14. Qg3 $36 {[%mdl 2048] White has the initiative.} dxe5 15. dxe5 Qd5 $146 16. Ba4 Qc4 17. Bb3 Qg4 18. Ng5 Qxg3 19. fxg3 h6 $2 (19... a5 $1 $14) 20. Nxf7 $1 $18 Rxf7 21. Rf1 ({And not} 21. Bxf7+ Kxf7 22. Rac1 c6 $15) 21... Nxe5 22. Rae1 Kf8 {...Rxf1+ is the strong threat.} 23. Rxf7+ ({Much weaker is} 23. Rxe5 $6 Rxf1+ 24. Kxf1 Bd7 $11) 23... Nxf7 24. Rf1 Ke7 (24... Bd7 $16) 25. Rxf7+ {[%mdl 4096] Endgame KRB-KRB} Kd6 26. Rxg7 Bf5 27. Rf7 Bd3 28. Rf6+ Ke5 29. Rxh6 Rf8 {[%csl Gd3][%cal Rf8f1]} 30. Rh5+ Kd4 {[%csl Gd3][%cal Rf8f1]} 31. Rh4+ Ke3 {[%csl Gd3][%cal Rf8f1] [#]} 32. Rf4 $1 {[%cal Rf4f8]} Rc8 $2 (32... Rxf4 {was called for.} 33. gxf4 c5) 33. Rf3+ Kd4 34. g4 {[%cal Bg3g4,Bg4g5,Bg5g6][%mdl 32]} c5 35. Bf7 {White is clearly winning.} b5 36. g5 Rc6 {[#]} 37. Rxd3+ $1 Kxd3 38. g6 {Precision: White = 93%, Black = 34%.} 1-0

[Event "EICC 2017"]
[Site "Minsk"]
[Date "2017.06.08"]
[Round "9"]
[White "Pashikian, Arman"]
[Black "Khismatullin, Denis"]
[Result "1-0"]
[WhiteElo "2603"]
[BlackElo "2651"]
[Annotator "TA"]
[PlyCount "81"]
[EventDate "2017.??.??"]
[EventCountry "BLR"]
[SourceTitle "playchess.com"]
[Source "ChessBase"]
[SourceQuality "1"]

{[%evp 16,81,30,0,29,25,22,8,29,0,0,0,0,0,0,0,0,0,0,0,0,-40,-30,-30,-37,-14,-22,-41,-41,-73,-38,-19,-17,-56,-58,-115,-106,-122,-78,-73,-50,-50,0,0,-10,-5,185,0,0,0,0,0,0,0,306,306,12833,12833,12807,12829,12839,12840,12841,12841,12841,12840,12841,12841]} 1. d4 Nf6 2. Nf3 b6 3. c4 Bb7 4. g3 g6 5. Bg2 Bg7 6. O-O O-O 7. Qc2 Be4 (7... e6 8. Nc3 d5 9. Ne5 Nbd7 10. Bg5 h6 11. Bf4 g5 12. Nxd7 Nxd7 13. Bd2 c6 14. cxd5 cxd5 15. e3 {1-0 (40) Rodshtein,M (2687)-Van Foreest,J (2615) Douglas 2016}) 8. Qa4 Bb7 9. Qc2 Be4 {A50: Queen's Fianchetto Defence (1 d4 Nf6 2 c4 b6)} 10. Qb3 Nc6 11. Nbd2 d5 {The position is equal.} 12. Qd1 $146 ({Predecessor:} 12. cxd5 Bxd5 13. Qd3 Nb4 14. Qb1 c5 15. a3 Na6 16. e4 Bb7 17. d5 {0-1 (44) Danielsen,H (2536)-Sunilduth Lyna,N (2320) New Delhi 2012}) 12... Rc8 13. b3 dxc4 14. Bb2 cxb3 15. Nxe4 Nxe4 16. axb3 Na5 17. Qc2 {And now b4 would win.} Nd6 $1 18. Rxa5 bxa5 19. Ne5 {[#]} c6 $1 20. Nxc6 Re8 21. Ba3 Qd7 {Hoping for ...Bxd4!} 22. Qc5 Qe6 23. Qxa5 Qxe2 24. Bc5 Ne4 25. Nxe7+ {[#]} ({White should play} 25. Qa4 $15) 25... Rxe7 $1 $17 {[%mdl 512]} 26. Bxe7 Bxd4 27. Qd5 Bxf2+ 28. Kh1 Nd2 29. Qd7 Rb8 30. Rc1 $132 {[%mdl 2048] White threatens Rc8+ and mate. White is not keeping still} Kg7 $2 (30... h6 $11) 31. Bd5 $2 ({White has to play} 31. Qd6 $18 {Threatening mate with Bf6+.} Qe6 32. Qxd2 (32. Qxb8 Qxe7 33. Qf4 Nxb3 $18) 32... Qxe7 33. Qxf2) 31... Ne4 $11 {[%cal Re2f3]} 32. Bf6+ $1 Nxf6 33. Qxf7+ Kh6 34. Qxf6 Be3 $2 {[%mdl 8192]} (34... Qh5 $1 $11 {and Black has nothing to worry.} 35. Qf4+ (35. Qxf2 Qxd5+ 36. Kg1 Qxb3 $11) 35... Qg5) 35. Bf3 $18 {Qh4+ would kill now.} Qxf3+ $2 (35... Bg5 36. Qxg5+ (36. Bxe2 Bxf6 37. Bc4 a5 $11) 36... Kxg5 37. Bxe2 Rxb3) 36. Qxf3 {White is clearly winning.} Bxc1 {KQ-KRB} 37. Qc3 Bg5 38. h4 Bd8 39. Qe3+ g5 40. Qe6+ Kh5 41. Kg2 {Precision: White = 57%, Black = 61%.} 1-0

[Event "EICC 2017"]
[Site "Minsk"]
[Date "2017.06.08"]
[Round "9"]
[White "Neiksans, Arturs"]
[Black "Shevchenko, Kirill"]
[Result "1/2-1/2"]
[WhiteElo "2599"]
[BlackElo "2491"]
[Annotator "TA"]
[PlyCount "151"]
[EventDate "2017.??.??"]
[EventCountry "BLR"]
[SourceTitle "playchess.com"]
[Source "ChessBase"]
[SourceQuality "1"]

{[%evp 19,151,18,25,15,20,20,9,9,37,37,33,42,26,27,26,26,45,28,20,29,49,49,48,41,49,49,49,49,49,37,49,30,22,20,20,18,18,16,28,20,25,10,42,0,7,0,0,0,14,0,0,0,5,0,0,0,0,0,0,0,0,0,0,0,0,0,0,1,1,0,0,0,0,0,0,0,0,0,0,0,0,0,0,0,0,0,0,0,0,0,0,0,0,0,0,0,0,0,0,0,0,0,0,0,0,0,0,0,0,0,0,0,0,0,0,0,0,0,0,0,0,0,0,0,0,0,0,0,0,0,0,0,0,0]} 1. d4 Nf6 2. c4 e6 3. Nf3 b6 4. g3 Bb7 5. Bg2 Be7 6. O-O O-O 7. Nc3 Ne4 8. Bd2 Bf6 9. Be1 {E18: Queen's Indian: Old Main Line (4 g3 Bb7 5 Bg2 Be7 6 0-0 0-0 7 Nc3)} Nxc3 (9... d5 10. Qc2 Nxc3 11. Bxc3 Nd7 12. cxd5 exd5 13. b4 c5 14. dxc5 bxc5 15. Bxf6 Qxf6 16. Bh3 Rfd8 17. bxc5 {1-0 (57) Vitiugov,N (2724)-Inarkiev,E (2723) Moscow 2017}) 10. Bxc3 Be4 {LiveBook: 3 Games} 11. Qa4 {White has an edge.} (11. Ne5 $5 {[%cal Rg2e4]} Bxg2 12. Kxg2 $11) 11... d6 12. Rfd1 Qc8 $146 ({Predecessor:} 12... c6 13. c5 b5 14. Qa3 d5 15. Ba5 Qe7 16. Qc3 Na6 {½-½ (50) Erdos,V (2614)-Nemeth,M (2451) Zalakaros 2017}) 13. Rac1 Qa6 14. Qxa6 Nxa6 15. Ne1 {[%cal Bf3e1,Be1g2,Bg2e3][%mdl 32]} Bxg2 16. Nxg2 Rfd8 17. e4 c5 18. Ne3 cxd4 19. Bxd4 e5 20. Bc3 Bg5 21. Bd2 Nc5 22. f3 Bxe3+ 23. Bxe3 f6 24. Rd2 Kf7 25. Rcd1 Ke7 26. Kf2 Rac8 27. Ke2 Rc6 28. b3 Rdc8 29. Rd5 a6 30. R5d2 Ke6 31. Kf2 Ke7 {The position is equal.} 32. Kg2 R8c7 33. h4 Rd7 34. Kh3 b5 35. cxb5 axb5 36. Rc2 {[#] Black must now prevent b4.} Rcc7 37. Kg2 Na6 38. Rcd2 Nb4 39. Kf2 Nc2 40. Bb6 Rc6 41. Rc1 Rxb6 42. Rcxc2 $11 {[%mdl 4096] Endgame KRR-KRR} Ra7 43. Ke3 Kd7 44. h5 Rc6 45. Rxc6 Kxc6 {KR-KR} 46. Rc2+ Kb6 47. Kd3 Ra8 48. g4 h6 49. Kc3 Kc5 50. Rd2 Ra3 51. Rd5+ (51. Kb2 $5 {[%cal Rb2a3]} Ra7 52. Rd5+ Kc6 53. a3 $11) 51... Kc6 52. Kb2 Ra7 53. a3 Ra8 54. Rd1 Kc5 55. Rd5+ Kc6 56. Rd1 Kc5 57. Rc1+ Kd4 58. Rc7 Ke3 59. Rxg7 Kxf3 60. Rf7 Kxg4 {[#] Threatens to win with ...Kg5.} 61. Rxf6 Kxh5 62. Rxd6 Kg5 {...h5 is the strong threat.} 63. Re6 b4 64. a4 Kf4 65. Rxh6 Kxe4 66. Rh4+ Kd3 {Strongly threatening ...e4.} 67. Rxb4 e4 {[%cal Be5e4,Be4e3,Be3e2][%mdl 32]} 68. Rb7 Rd8 69. Re7 e3 70. a5 e2 71. a6 Rd6 72. a7 Ra6 73. Rd7+ (73. a8=R $5 Rxa8 74. Rd7+ Ke4 75. Re7+ Kd3 76. Rd7+ Ke4 77. Re7+ Kd3 $17) 73... Ke3 74. Re7+ Kd3 75. Rd7+ Ke3 76. Re7+ {Precision: White = 67%, Black = 87%.} 1/2-1/2

[Event "EICC 2017"]
[Site "Minsk"]
[Date "2017.06.08"]
[Round "9"]
[White "Bok, Benjamin"]
[Black "Kantans, Toms"]
[Result "1-0"]
[WhiteElo "2598"]
[BlackElo "2473"]
[Annotator "TA"]
[PlyCount "97"]
[EventDate "2017.??.??"]
[EventCountry "BLR"]
[SourceTitle "playchess.com"]
[Source "ChessBase"]
[SourceQuality "1"]

{[%evp 11,97,36,43,19,46,29,38,24,55,25,29,28,28,27,49,20,39,35,14,22,19,0,5,0,13,0,0,5,12,9,42,50,90,86,144,144,143,145,150,144,151,154,154,154,152,159,209,209,209,209,209,209,209,192,209,209,209,209,209,209,208,191,191,194,209,197,201,201,201,168,163,133,250,314,309,295,314,287,325,325,952,984,1654,814,29972,29972,29976,29976]} 1. Nf3 Nf6 2. c4 c5 3. Nc3 Nc6 4. g3 g6 5. Bg2 Bg7 6. d4 d5 {LiveBook: 7 Games. A38: Symmetrical English vs ...g6: 4 Bg2 Bg7 5 Nf3 Nf6} 7. dxc5 {[%cal Rc4d5]} dxc4 8. Qxd8+ Nxd8 {White has an edge.} 9. O-O $146 ({Predecessor:} 9. Ne5 Nd7 10. Nxc4 Bxc3+ 11. bxc3 Nxc5 12. Be3 Be6 13. Bxc5 Bxc4 {½-½ (49) Zhou,J (2607)-Yu,Y (2675) Danzhou 2013}) 9... Bd7 10. Ne5 Rc8 11. Rd1 Be6 12. Be3 Ne4 13. Bxe4 Bxe5 14. Rac1 f5 15. Bd5 Kf7 16. f4 Bf6 17. Na4 Rc7 18. Kf2 ({Wrong is} 18. Bxc4 $2 Bxc4 19. Rxc4 b5 $19) ({But not} 18. Rxc4 $2 Bxd5 19. Rxd5 b5 $19) 18... Bxd5 19. Rxd5 Ne6 20. Rd2 Rd8 21. Rdc2 $1 Rdc8 22. Rxc4 b5 (22... h5 $142) 23. cxb6 $16 Rxc4 24. Rxc4 Rxc4 {[#]} 25. b7 $1 {[%cal Rb7b8]} Rb4 {[#]} 26. Nb6 $1 {[%mdl 512]} Rxb2 (26... axb6 27. b3) 27. b8=Q axb6 28. Qa8 Rb4 29. a3 Rb3 30. Qa4 Rb2 31. Qc4 b5 32. Qd5 b4 33. a4 b3 34. a5 {a6 is the strong threat.} Ra2 {White should prevent ...Ra3.} 35. Qxb3 Rxa5 36. h3 {[%cal Bh2h3,Bh3g4][%mdl 32]} h5 37. Kf3 Ra6 38. g4 hxg4+ 39. hxg4 Rd6 40. Bf2 Kg7 41. Qb1 Nd4+ (41... fxg4+ $16 42. Kxg4 g5) 42. Bxd4 $1 $18 fxg4+ 43. Kxg4 Rxd4 {[%mdl 4096] Endgame KQ-KRB} 44. e4 Kf7 45. Qb7 Bg7 $2 (45... Kg8 46. Qa6 Kg7) 46. Qb3+ Kf8 47. Kg5 e5 48. Qb8+ Kf7 49. Qc7+ {Precision: White = 87%, Black = 49%.} 1-0